[Event "Duesseldorf-ch"]
[Site "Duesseldorf"]
[Date "2005.11.04"]
[Round "7.4"]
[White "Kappelt, Joerg"]
[Black "Dobrinac, Michael"]
[Result "1-0"]
[WhiteElo "2180"]
[BlackElo "1752"]
[PlyCount "89"]
[EventDate "2005.09.02"]
[EventType "swiss"]
[EventRounds "9"]
[EventCountry "GER"]
[SourceTitle "EXT 2006"]
[Source "ChessBase"]
[SourceDate "2005.11.24"]
[SourceVersion "1"]
[SourceVersionDate "2005.11.24"]
[SourceQuality "1"]

1. f4 Nf6 2. Nf3 g6 3. b3 Bg7 4. Bb2 d6 5. e3 0-0 6. Be2 b6 7. 0-0 Bb7 8. c4 Nbd7 9. Qc2 Qe8 10. Nc3 a6 11. a4 e5 12. fxe5 Nxe5 13. Nxe5 dxe5 14. a5 Qe6 15. e4 Rad8 16. Nd5 Rd7 17. h3 h5 18. Bc3 Rfd8 19. Rf3 Nh7 20. Raf1 Bxd5 21. cxd5 Qd6 22. axb6 Qxb6+ 23. Kh2 h4 24. Qa2 Ng5 25. Re3 Ra8 26. Qa4 Re7 27. Ba5 Qd4 28. Qc6 Rae8 29. Bc3 Qb6 30. Qxb6 cxb6 31. Bxa6 Ra7 32. Bb5 Rd8 33. Ree1 Nh7 34. Bc6 f6 35. Ra1 Rxa1 36. Rxa1 Bf8 37. b4 Ng5 38. d3 Nf7 39. Be1 g5 40. Ra7 Bd6 41. Rb7 Rb8 42. Rd7 Kf8 43. g3 hxg3+ 44. Kxg3 Nh6 45. Rxd6 1-0

[Event "Duesseldorf-ch"]
[Site "Duesseldorf"]
[Date "2005.10.28"]
[Round "6.3"]
[White "Hebeker, Friedrich Karl"]
[Black "Dobrinac, Michael"]
[Result "1-0"]
[WhiteElo "1907"]
[BlackElo "1752"]
[PlyCount "129"]
[EventDate "2005.09.02"]
[EventType "swiss"]
[EventRounds "9"]
[EventCountry "GER"]
[SourceTitle "EXT 2006"]
[Source "ChessBase"]
[SourceDate "2005.11.24"]
[SourceVersion "1"]
[SourceVersionDate "2005.11.24"]
[SourceQuality "1"]

1. c4 e5 2. g3 g6 3. Bg2 Bg7 4. Nc3 Nc6 5. e4 d6 6. Nge2 f5 7. d3 Nh6 8. 0-0 0-0 9. f4 Be6 10. Nd5 Qd7 11. Rb1 Rac8 12. Be3 Ng4 13. Bd2 Nd8 14. h3 Nh6 15. Kh2 c6 16. Ne3 Ndf7 17. Bc3 g5 18. exf5 Nxf5 19. Nxf5 Bxf5 20. g4 gxf4 21. gxf5 Qxf5 22. Be4 Qe6 23. Nxf4 exf4 24. Rg1 Ne5 25. Qh5 Rf7 26. Bxh7+ Kf8 27. Rg5 Rcc7 28. Re1 f3 29. Bf5 Qh6 30. Kg3 Qxh5 31. Rxh5 Rce7 32. b3 f2 33. Rf1 Nd7 34. Bxg7+ Kxg7 35. Rxf2 Nf6 36. Rg5+ Kh6 37. Rg6+ Kh5 38. Rf4 Re3+ 39. Rf3 Rxf3+ 40. Kxf3 Nd7 41. Kf4 Ne5 42. Rxd6 Nf3 43. Rd7 Ng5 44. Rxf7 Nxf7 45. d4 Kh6 46. Ke4 Kg7 47. d5 Kf6 48. Be6 Ng5+ 49. Kd4 Ke7 50. Bc8 cxd5 51. Kxd5 Kd8 52. Bg4 Kc7 53. h4 Nh7 54. Ke6 Kd8 55. Kf7 a6 56. Bf5 b5 57. Bxh7 bxc4 58. bxc4 a5 59. Bf5 a4 60. h5 a3 61. h6 Kc7 62. h7 Kb6 63. h8Q Ka5 64. Qb8 Ka4 65. Qb5# 1-0

[Event "Duesseldorf-ch"]
[Site "Duesseldorf"]
[Date "2005.09.09"]
[Round "2.3"]
[White "Schmoll, Heinz"]
[Black "Dobrinac, Michael"]
[Result "1-0"]
[WhiteElo "1941"]
[BlackElo "1752"]
[PlyCount "71"]
[EventDate "2005.09.02"]
[EventType "swiss"]
[EventRounds "9"]
[EventCountry "GER"]
[SourceTitle "EXT 2006"]
[Source "ChessBase"]
[SourceDate "2005.11.24"]
[SourceVersion "1"]
[SourceVersionDate "2005.11.24"]
[SourceQuality "1"]

1. e4 d5 2. exd5 Qxd5 3. Nc3 Qa5 4. Nf3 Bg4 5. b4 Bxf3 6. Qxf3 Qe5+ 7. Be2 c6 8. b5 e6 9. Rb1 Nf6 10. 0-0 Bd6 11. g3 0-0 12. d4 Qf5 13. Qxf5 exf5 14. Bd3 g6 15. Bh6 Rc8 16. bxc6 bxc6 17. Rfe1 Nbd7 18. Ba6 Rc7 19. Bg5 Kg7 20. f3 h6 21. Bd2 Nb6 22. Ne2 c5 23. Kf1 Re7 24. dxc5 Bxc5 25. Nf4 Rxe1+ 26. Rxe1 Kf8 27. Nd3 Rd8 28. Bxh6+ Kg8 29. Nxc5 Rd5 30. Nb3 Kh7 31. Bf4 Ng8 32. c4 Rd7 33. c5 Nd5 34. Bd6 Nb4 35. Bb5 Rb7 36. c6 1-0

[Event "Duesseldorf-ch"]
[Site "Duesseldorf"]
[Date "2005.09.02"]
[Round "1.11"]
[White "Dobrinac, Michael"]
[Black "Doemges, Heinrich"]
[Result "1-0"]
[WhiteElo "1752"]
[BlackElo "1221"]
[PlyCount "89"]
[EventDate "2005.09.02"]
[EventType "swiss"]
[EventRounds "9"]
[EventCountry "GER"]
[SourceTitle "EXT 2006"]
[Source "ChessBase"]
[SourceDate "2005.11.24"]
[SourceVersion "1"]
[SourceVersionDate "2005.11.24"]
[SourceQuality "1"]

1. d4 c6 2. c4 Nf6 3. Nc3 e6 4. Bg5 Be7 5. e3 d5 6. Nf3 Ne4 7. Bxe7 Qxe7 8. Nxe4 dxe4 9. Nd2 f5 10. f3 b6 11. fxe4 0-0 12. Bd3 e5 13. 0-0 exd4 14. exd4 Na6 15. Qe2 Nb4 16. Bb1 a5 17. a3 Na6 18. Bc2 Bd7 19. Rae1 Nc7 20. exf5 Qf6 21. Qe5 Ra7 22. Qxf6 gxf6 23. Re7 Rf7 24. Rfe1 Kf8 25. Rxf7+ Kxf7 26. g4 Ne8 27. Bb3 c5 28. dxc5 bxc5 29. Ne4 Rc7 30. Rd1 Ke7 31. Rd5 a4 32. Bc2 Bc6 33. Rxc5 Bxe4 34. Rxc7+ Nxc7 35. Bxe4 Na6 36. Kf2 Nc5 37. Ke3 Kd6 38. Bc2 Ke5 39. h4 h6 40. Bd1 h5 41. gxh5 Kxf5 42. Kd4 Ne6+ 43. Kd5 Nf4+ 44. Kd6 Nd3 45. Bc2 1-0

[Event "Duesseldorf Bezirk-ch"]
[Site "Duesseldorf "]
[Date "2002.??.??"]
[Round "2"]
[White "Biessner, Eberhard"]
[Black "Dobrinac, Michael"]
[Result "0-1"]
[WhiteElo "1798"]
[BlackElo "1783"]
[PlyCount "120"]
[EventDate "2002.??.??"]
[EventType "swiss"]
[EventRounds "9"]
[EventCountry "GER"]
[SourceTitle "EXT 2004"]
[Source "ChessBase"]
[SourceDate "2003.11.25"]
[SourceVersion "1"]
[SourceVersionDate "2003.11.25"]
[SourceQuality "1"]

1. e4 e5 2. Nf3 d6 3. Bc4 Be7 4. d4 exd4 5. Nxd4 Nf6 6. Nc3 0-0 7. 0-0 Nc6 8. Nxc6 bxc6 9. f3 Be6 10. Bd3 Rb8 11. b3 c5 12. Be3 c6 13. Na4 Re8 14. Kh1 Qc7 15. f4 Bg4 16. Qd2 Bf8 17. e5 dxe5 18. Bxc5 e4 19. Bxf8 Kxf8 20. Bc4 Rbd8 21. Qe3 Kg8 22. h3 Bc8 23. f5 Nh5 24. Kg1 Ng3 25. Rf2 Nxf5 26. Qg5 g6 27. Raf1 Be6 28. Bxe6 fxe6 29. Nc5 Qe5 30. b4 e3 31. Rf4 e2 32. Re1 Rd1 33. Nd3 Qe3+ 34. Kh2 Rxe1 35. Nxe1 Qc1 36. Rxf5 Qxe1 37. Re5 Qf1 38. Qe3 e1Q 39. Qxe1 Qxe1 40. Rxe1 Kf7 41. Re5 Rb8 42. Ra5 Rb7 43. a3 Kf6 44. Ra6 Rc7 45. c4 Ke5 46. Ra5+ Kd4 47. Rc5 e5 48. Kg3 e4 49. Kf2 Kd3 50. Ke1 e3 51. b5 Rf7 52. Rxc6 Rf2 53. c5 Rb2 54. Rd6+ Ke4 55. a4 Rb1+ 56. Rd1 Rb2 57. Rc1 Rxg2 58. Kf1 Rh2 59. Kg1 Rd2 60. Re1 Kf3 0-1

[Event "Duesseldorf Bezirk-ch"]
[Site "Duesseldorf "]
[Date "2002.??.??"]
[Round "7"]
[White "Dobrinac, Michael"]
[Black "Siemes, Robert"]
[Result "0-1"]
[WhiteElo "1783"]
[BlackElo "1955"]
[PlyCount "122"]
[EventDate "2002.??.??"]
[EventType "swiss"]
[EventRounds "9"]
[EventCountry "GER"]
[SourceTitle "EXT 2004"]
[Source "ChessBase"]
[SourceDate "2003.11.25"]
[SourceVersion "1"]
[SourceVersionDate "2003.11.25"]
[SourceQuality "1"]

1. Nf3 c5 2. e4 d6 3. d3 g6 4. g3 Bg7 5. Bg2 Nc6 6. Nbd2 e6 7. 0-0 Nge7 8. Re1 0-0 9. Nf1 b5 10. Ne3 Bb7 11. h4 d5 12. Ng5 h6 13. Nh3 dxe4 14. Bxe4 f5 15. Bg2 e5 16. f4 Qd7 17. h5 exf4 18. gxf4 Rf6 19. Kh1 Rd8 20. Rg1 Nd4 21. Bd2 Nd5 22. Nxd5 Bxd5 23. Bc3 Re6 24. Kh2 Rde8 25. Bxd5 Qxd5 26. Bxd4 Bxd4 27. Rxg6+ Rxg6 28. hxg6 Bxb2 29. Rb1 Bc3 30. Qf1 b4 31. Ng1 Qxa2 32. Rc1 Qe6 33. Qg2 Kg7 34. Nh3 Qe2 35. Nf2 Bd4 36. Rf1 Bxf2 37. Rxf2 Qh5+ 38. Qh3 Qxh3+ 39. Kxh3 a5 40. Rg2 a4 41. Rg1 Re6 42. Ra1 a3 43. Kg3 Kxg6 44. Kf3 h5 45. Rg1+ Kh6 46. Rb1 Rd6 47. Kg3 Kg6 48. Kf3 Kf6 49. Ra1 Ke6 50. Ke3 Kd5 51. c3 h4 52. Kd2 h3 53. Kc2 Rg6 54. Kb3 h2 55. Rh1 Rg2 56. cxb4 cxb4 57. d4 Rb2+ 58. Ka4 a2 59. Ra1 Kxd4 60. Rd1+ Ke3 61. Ra1 Kxf4 0-1

[Event "Duesseldorf Bezirk-ch"]
[Site "Duesseldorf "]
[Date "2002.??.??"]
[Round "6"]
[White "Korneli, Hans"]
[Black "Dobrinac, Michael"]
[Result "0-1"]
[WhiteElo "1598"]
[BlackElo "1783"]
[PlyCount "52"]
[EventDate "2002.??.??"]
[EventType "swiss"]
[EventRounds "9"]
[EventCountry "GER"]
[SourceTitle "EXT 2004"]
[Source "ChessBase"]
[SourceDate "2003.11.25"]
[SourceVersion "1"]
[SourceVersionDate "2003.11.25"]
[SourceQuality "1"]

1. Nf3 Nf6 2. c4 g6 3. d4 Bg7 4. Nc3 d6 5. e4 0-0 6. Be2 Nc6 7. 0-0 e5 8. d5 Ne7 9. b4 Ne8 10. Qb3 Kh8 11. c5 f5 12. Bg5 h6 13. Bxe7 Qxe7 14. cxd6 cxd6 15. Bd3 f4 16. Rac1 g5 17. Nd2 g4 18. b5 Qg5 19. f3 g3 20. Nc4 Qh4 21. h3 Bf6 22. Qa3 Be7 23. Rc2 Rg8 24. Nb6 Bxh3 25. gxh3 Qxh3 26. Rg2 Rg5 0-1

[Event "Duesseldorf Bezirk-ch"]
[Site "Duesseldorf "]
[Date "2002.??.??"]
[Round "8"]
[White "Spaete, Erwin"]
[Black "Dobrinac, Michael"]
[Result "0-1"]
[WhiteElo "1739"]
[BlackElo "1783"]
[PlyCount "69"]
[EventDate "2002.??.??"]
[EventType "swiss"]
[EventRounds "9"]
[EventCountry "GER"]
[SourceTitle "EXT 2004"]
[Source "ChessBase"]
[SourceDate "2003.11.25"]
[SourceVersion "1"]
[SourceVersionDate "2003.11.25"]
[SourceQuality "1"]

1. d4 Nf6 2. g4 d5 3. g5 Ne4 4. f3 Nd6 5. Nc3 e6 6. Bf4 Be7 7. Qd2 Nc4 8. Qc1 h6 9. g6 Bh4+ 10. Bg3 Bxg3+ 11. hxg3 fxg6 12. b3 Nd6 13. Qf4 Qf6 14. Qxf6 gxf6 15. e4 dxe4 16. fxe4 Nc6 17. 0-0-0 Bd7 18. Nf3 0-0-0 19. d5 exd5 20. exd5 Ne5 21. Nxe5 fxe5 22. Bd3 Bf5 23. Rhe1 Rhe8 24. Re3 Bxd3 25. Rexd3 Rd7 26. Rf1 e4 27. Re3 Rde7 28. g4 Re5 29. Rf6 Rg5 30. Rxd6 cxd6 31. Nxe4 Rxe4 32. Rxe4 Rxd5 33. Re6 Rg5 34. Rxd6 Rxg4 35. Rf6 0-1